000 00251nam a2200097Ia 4500
005 20250424112910.0
008 250424s9999 xx 000 0 und d
300 _a200 p. :ill. 24 cm
650 _aManagement--Research--Nigeria--Periodicals.
942 _cSR
999 _c37766
_d37766